000 00392 a2200157 4500
020 _a9693100050
040 _aDLC
082 _a891.4391
100 _aIqbal, M. Allama.
245 _aArmaghan e Hijaaz
_cAllama M Iqbal
260 _aLahore:
_bJamaia Ashrafia,
_c1991.
300 _a691 p. ;
_c22 cm.
500 _aIncludes Index
650 _aUrdu Literature
942 _cBK
_k891.4391 IQB
_2ddc
999 _c5235
_d5235